| 000 | 00639nam a22001697a 4500 | ||
|---|---|---|---|
| 008 | 240516b |||||||| |||| 00| 0 eng d | ||
| 020 | _a9781981054695, | ||
| 020 | _a1981054693 | ||
| 050 |
_aRA427.8 _b.M33 2018 |
||
| 100 | _aMabuza Mbuso Precious | ||
| 245 |
_a Health Promotion: _bApproaches, Concepts, Methods, and Critical Perspectives / _cMbuso Precious Mabuza |
||
| 260 |
_a[Place of publication not identified], _b [Independently published], _c2018 |
||
| 300 |
_a 108 pages ; _c21cm |
||
| 504 | _aInclude Biblio. Ref. | ||
| 650 |
_aHealth Promotion _xGlobal Health |
||
| 942 |
_2lcc _cBOOKS _hRA427.8 .M33 2018 |
||
| 999 |
_c31975 _d31975 |
||